000 00842 a2200169 4500
003 Nust
005 20230529124150.0
040 _cNust
082 _a808.83,GRA
100 _aGraves, Robert
_921937
245 _aThe Golden Fleece
_cRobert Graves
260 _aLondon
300 _a370:p
505 _aThe Parching (Page-38), The Loss of the Fleece (Page-47), The Rice of the Olympics (Page-54), Jason Claims his Knowledge (Page-62), The white goodness Approves the Voyage (Page-70), Zeus approves the Voyage (Page-70), The Building of the Argo (Page-81), The arrivals of Hercules (Page-89) The Choosing of the Argonatus (Page-96), The Argo is Lunched (Page-101), The Argo Sails (Page-108),The Argo Come Home (Page-342), The death of Plies (Page-345), The Fleeces restored to Zeus (Page-355).
650 _aNovel
_92525
942 _2ddc
_cBK
999 _c186887
_d186887